| 000 | 00462nam a22001817a 4500 | ||
|---|---|---|---|
| 999 |
_c60713 _d60713 |
||
| 005 | 20231011161423.0 | ||
| 008 | 231011s1989 enk||||| |||| 00| 0 eng d | ||
| 020 | _a086272208x | ||
| 041 | _aeng | ||
| 080 | _a94(37) U-91 | ||
| 100 |
_aUnstead, Rutland _920064 |
||
| 245 |
_aA Roman Town. _cJonathan Rutland. |
||
| 264 |
_aLondon, _c1989. |
||
| 300 |
_a32 p.: _bill. ; _c29 cm. |
||
| 653 | _aრომი | ||
| 653 | _aისტორია | ||
| 942 |
_2udc _cBK |
||